| 000 | 00625nam a2200205 4500 | ||
|---|---|---|---|
| 001 | 97738 | ||
| 003 | ES-MaACL | ||
| 005 | 20230906182143.0 | ||
| 007 | t| | ||
| 008 | 050718s1971 sp ||||1| spa d | ||
| 080 | _a821.134.2-"14/19"(04) | ||
| 080 | _a82.081 | ||
| 100 | 1 |
_aMarichal, Juan. _976700 |
|
| 245 | 1 | 3 |
_aLa voluntad de estilo _b: teoría e historia del ensayismo hispánico / _cJuan Marichal. |
| 260 |
_aBarcelona : _bRevista de Occidente, _c[1971] |
||
| 300 |
_a271 p. ; _c19 cm. |
||
| 650 | 4 |
_aEnsayo español- _xHistoria y crítica. _9164452 |
|
| 650 | 0 | 4 |
_aEstilística. _912551 |
| 852 |
_aES-MaACL _jC-40305 |
||
| 999 |
_c97738 _d97738 |
||